| LEADER 00000nam 2200000uu 4500 |
| 001 210961 |
| 003 ULIBM |
| 008 020711s2558 th a 000 0 tha d |
| 041 ^atha
|
| 060 4 อ WY19 ว585ร 2558
|
| 110 วิทยาลัยพยาบาลบรมราชชนนี จักรีรัช
|
| 245 รายงานประจำปี 2558 =^bAnnual report 2015 วิทยาลัยพยาบาลบรมราชชนนี จักรีรัช/^cวิทยาลัยพยาบาลบรมราชชนนี จักรีรัช
|
| 260 ราชบุรี :^bวิทยาลัยพยาบาลบรมราชชนนี จักรีรัช,^c2558
|
| 300 70 หน้า :^bภาพประกอบ ;^c21 ซม.
|
| 650 4 วิทยาลัยพยาบาลบรมราชชนนี จักรีรัช^xรายงานประจำปี
|
| 650 4 ^aวิทยาลัยพยาบาลบรมราชชนนี จักรีรัช^xประวัติ
|
| 650 4 ^aวิทยาลัยพยาบาลบรมราชชนนี จักรีรัช^xผลงาน
|
| 710 2 ^aจักรีรัช. วิทยาลัยพยาบาลบรมราชชนนี.
|
| 999 ^aใช้งานได้ทุกระบบ
|